logo

Bir Sreshtho Munshi Abdur Rouf Library
Jhenaidah Cadet College

Gooseberries (Record no. 14416)

MARC details
000 -LEADER
fixed length control field 00575nam a22002297a 4500
001 - CONTROL NUMBER
JCCL Control Number 14416
003 - CONTROL NUMBER IDENTIFIER
JCCL marc code BD-JhCC
005 - DATE AND TIME OF LATEST TRANSACTION
control field 20251028125434.0
008 - FIXED-LENGTH DATA ELEMENTS--GENERAL INFORMATION
fixed length control field 251028b |||||||| |||| 00| 0 eng d
020 ## - INTERNATIONAL STANDARD BOOK NUMBER
International Standard Book Number 9780141397092
035 ## - SYSTEM CONTROL NUMBER
system control number (BD-JhCC) 14416
040 ## - CATALOGING SOURCE
Original cataloging agency BD-JhCC
Modifying agency BD-JhCC
041 ## - LANGUAGE CODE
Language code of Book eng
082 ## - DEWEY DECIMAL CLASSIFICATION NUMBER
DDC Edition number 23
Classification number 808.83
Author mark and Year CHE
100 ## - MAIN ENTRY--PERSONAL NAME
Personal name Chekhov,Anton
245 ## - TITLE STATEMENT
Title Gooseberries
300 ## - PHYSICAL DESCRIPTION
Pagination 55p.;
Dimensions 16 cm.
490 ## - SERIES STATEMENT
Series statement Penguin Little Black Classics,
Volume number/sequential designation 34
650 ## - SUBJECT ADDED ENTRY--TOPICAL TERM
Topical term or geographic name as entry element Russia Social conditions 1801-1917 Fiction
650 ## - SUBJECT ADDED ENTRY--TOPICAL TERM
Topical term or geographic name as entry element Short stories
942 ## - ADDED ENTRY ELEMENTS (KOHA)
Source of classification or shelving scheme Dewey Decimal Classification
Koha item type Books
Holdings
Source of classification or shelving scheme Damaged status Not for loan Collection code Home library Current library Shelving location Date of accession Total Checkouts Full call number Barcode Date last seen Copy number Method of acquisition Koha item type Currency
Dewey Decimal Classification     Fiction JCC Rouf Library JCC Rouf Library General Stacks     808.83 CHE 20137 10/28/2025 C-1 Purchase Books BDT

JCC Library | Contacts | JCC Home

Last Update on 23 September 2017
Copyright @ 2017-2020 JCC Rouf Library
Rouf Library, Jhenidah Cadet College (JCC), Bangladesh